000 00477pab a2200157 454500
008 180718b2013 xxu||||| |||| 00| 0 eng d
100 _aChandra, A.V. Satish
245 _aHave we entered a definitive phase in international relations which can be called "Post peace of Westphalia"?
260 _c2013
300 _ap.227-232.
362 _aApr-Jun
650 _aInternational relations
773 _aIndian Journal of Political Science
908 _aN
909 _a106054
999 _c106049
_d106049